000 00746na a2200265 4500
001 22428
003 MIRAKIL
005 20181213155223.0
008 170213b tu 000 0
040 _aMilas
_btur
_cTR-AnCHP
041 _atur
090 _aSHP 1
100 _aKarakaş, Ercan
_d1945-
245 _aErdal İnönü
_cErcan Karakaş, Aydın Cıngı
260 _aİstanbul
_c2015
_fEzgi Matbaacılık
300 _a22 s.
_c20 sm.
440 _pSöylev ve demeçler
490 _aIz Bırakanlar serisi
_v02
600 _aİnönü, Erdal
700 _aCıngı, Aydın
710 _aSHP
740 _aSHP Genel başkanı ve Başbakan yardımcısı Erdal İnönü'nün konuşmaları
942 _2dcc
_cBKS
999 _c8760
_d8760